Science Quiz

Random Science or Logo Quiz

Linux Logos Quiz Stats

 Plays Quiz not verified by Sporcle

Score 0/15 Timer 05:00
0 Plays Today
% Correct
Puppy
84.9%
RedHat
81.2%
Mint
78.6%
Tux the Linux Penguin
74.9%
Arch
73.9%
Slackware
69.1%
Fedora
63.3%
Ubuntu
62.1%
% Correct
Debian
56.5%
Mageia
46.2%
OpenSUSE
44.5%
FreeBSD
42%
CentOS
41.2%
PCLinuxOS
30.4%
Solus
27.1%

You're not logged in!

Compare scores with friends on all Sporcle quizzes.
OR
Log In

Show Comments

Extras

Top Quizzes Today


Score Distribution

Your Account Isn't Verified!

In order to create a playlist on Sporcle, you need to verify the email address you used during registration. Go to your Sporcle Settings to finish the process.

Report this User

Report this user for behavior that violates our Community Guidelines.

Details: